Central Library OPAC University of Rajshahi

Christy / (Record no. 19559)

MARC details
000 -LEADER
fixed length control field 00643nam a22002292a 4500
001 - CONTROL NUMBER
control field 19559
003 - CONTROL NUMBER IDENTIFIER
rucl marc code BD-RjUL
005 - DATE AND TIME OF LATEST TRANSACTION
control field 20211209000441.0
008 - FIXED-LENGTH DATA ELEMENTS--GENERAL INFORMATION
fixed length control field 140225s1968 enk 000 1 eng d
035 ## - SYSTEM CONTROL NUMBER
System control number (BD-RjUL)19619
-- OCLC ocm09162526 from D960425M
040 ## - CATALOGING SOURCE
Original cataloging agency DLC
Transcribing agency SOI
Modifying agency SOI
-- UKM
-- EQO
-- BD-RjUL
Language of cataloging eng
041 ## - LANGUAGE CODE
Language code of text/sound track or separate title eng
082 00 - DEWEY DECIMAL CLASSIFICATION NUMBER
Edition number 21
Classification number 813
Author mark and year MAC 1968
100 1# - MAIN ENTRY--PERSONAL NAME
Personal name Marshall, Catherine,
Dates associated with a name 1914-1983
9 (RLIN) 60087
245 10 - TITLE STATEMENT
Title Christy /
Statement of responsibility, etc. Catherine Marshall.
260 ## - PUBLICATION, DISTRIBUTION, ETC. (IMPRINT)
Place of publication, distribution, etc. London :
Name of publisher, distributor, etc. An avon book,
Date of publication, distribution, etc. 1968.
300 ## - PHYSICAL DESCRIPTION
Pagination x, 501 p. ;
Size 19 cm
650 #0 - SUBJECT ADDED ENTRY--TOPICAL TERM
Topical term or geographic name as entry element Christy
9 (RLIN) 60088
942 ## - ADDED ENTRY ELEMENTS (KOHA)
Source of classification or shelving scheme Dewey Decimal Classification
Koha item type Books
Holdings
Lost status Source of classification or shelving scheme Damaged status Not for loan Collection code Permanent Location Current Location Shelving location Date acquired Source of acquisition Total Checkouts Full call number Date last seen Copy number Koha item type
  Dewey Decimal Classification   Not For Loan Non-fiction Central Library, University of Rajshahi Central Library, University of Rajshahi Reading Room 22/11/1993 Asia foundation   813 MAC 1968 25/02/2014 C-1 Books